| 000 | 02425nam a2200469Ia 4500 | ||
|---|---|---|---|
| 001 | dia_5750 | ||
| 003 | CHAP | ||
| 005 | 20250730131648.0 | ||
| 007 | ta | ||
| 008 | 220117s2009 mx abdefr 001 0 spa d | ||
| 040 |
_cCHAP _amxchpua |
||
| 090 |
_aT.C.503 _bR36 EIUPA _c2009 |
||
| 245 | 1 | 0 |
_aVitivinícola Châteu Camou, Ensenada, Baja California, México / _ccoordinadores Marco Favio Ramírez Sepúlveda y Rosa Guadalupe Szymanski Duque ; colaboradores Javier Becerra López...[et al.] |
| 260 |
_aMéxico : _bEl autor, _c2009 |
||
| 300 |
_a63 hojas : _bilustraciones, mapas, gráficas, diagramas, tablas, fotos, planos + _e1 CD-ROM |
||
| 336 |
_2rdacontent _atexto _btxt |
||
| 337 |
_2rdamedia _ano mediado _bn |
||
| 338 |
_2rdacarrier _avolumen _bnc |
||
| 500 | _a7° año Grupo 4 -- El CD contiene reporte y planos. | ||
| 502 |
_aViaje de Estudios _b(EIUPA) -- _cUACh. Departamento de Ingeniería Agroindustrial, _d2009 |
||
| 505 | _a4 planos: -- 1. Plano de distribución de áreas -- 2. Diagrama de flujo del proceso de elaboración de vino -- 3. Diagrama de recorrido del producto y equipo -- 4. D. T. I. del filtro de llenado | ||
| 650 | 1 | 0 |
_aIndustria del vino _zMéxico _zBaja California Norte _9154153 |
| 650 | 1 | 3 |
_aVinificación _9151244 |
| 650 | 1 | 0 |
_aWine industry _zMexico _zBaja California Norte _9154154 |
| 650 | 1 | 3 |
_aWinemaking _9151246 |
| 700 | 1 |
_aRamírez Sepúlveda, Marco Favio _9150304 _ecoordinador |
|
| 700 | 1 |
_aSzymanski Duque, Rosa Guadalupe _9151434 _ecoordinador |
|
| 700 | 1 |
_aBecerra López, Javier _911137 _ecolaborador |
|
| 856 | 4 | 2 |
_uhttp://10.13.5.2/ve/TC503EIUPA/TC503.PLANODEDISTRIBUCI-ôNDE+üREAS.pdf _yDESCARGAR PLANO DE DISTRIBUCIÓN DE ÁREAS |
| 856 | 4 | 2 |
_uhttp://10.13.5.2/ve/TC503EIUPA/TC503EIUPA2009-PLANO-DIAGRAMADEFLUJO.pdf _yDESCARGAR DIAGRAMA DE FLUJO DEL PROCESO DE ELABORACIÓN DE VINO |
| 856 | 4 | 2 |
_uhttp://10.13.5.2/ve/TC503EIUPA/TC503EIUPA2009-DIAGRAMADERECORRIDO.pdf _yDESCARGAR DIAGRAMA DE RECORRIDO DEL PRODUCTO Y EQUIPO |
| 856 | 4 | 2 |
_uhttp://10.13.5.2/ve/TC503EIUPA/TC503.DTIDEFILTRO.pdf _yDESCARGAR D. T. I. DEL FILTRO DE LLENADO |
| 856 | 4 | 2 |
_uhttp://10.13.5.2/ve/TC503EIUPA/TC503EIUPA2009-REPORTE.pdf _yDESCARGAR REPORTE |
| 901 | _aT.C.503 R36 EIUPA 2009 | ||
| 902 | _aM | ||
| 905 | _a5232272009 mx edml8223123322spa16 | ||
| 942 | _2local | ||
| 942 | _cVE | ||
| 999 |
_c176773 _d176773 |
||